000 00326nam a2200133Ia 4500
008 191201s2002 xx 000 0 und d
100 _aTIMOSHENKO, Stephen
245 0 _aStrength of Materials Part 1
250 _aRep
260 _aN. Delhi
_bC B S Publisher
_c2002
300 _a442
650 _aB.Tech(CE)
942 _2ddc
_cBK
999 _c5882
_d5882